مكتبة جامعة عجلون الوطنية

فهرس بحث المكتبة

Normal view MARC view
  • رجب، رضا

Entry Personal Name

Number of records used in: 1

001 - CONTROL NUMBER

  • control field: 52087

003 - CONTROL NUMBER IDENTIFIER

  • control field: JO-AjAnu

005 - DATE AND TIME OF LATEST TRANSACTION

  • control field: 20230606082550.0

008 - FIXED-LENGTH DATA ELEMENTS

  • fixed length control field: 230606|| aca||aabn | a|a d

040 ## - CATALOGING SOURCE

  • Original cataloging agency: JO-AjAnu
  • Transcribing agency: JO-AjAnu

100 ## - HEADING--PERSONAL NAME

  • Personal name: رجب، رضا

670 ## - SOURCE DATA FOUND

  • Source citation: Work cat.: (JO-AjAnu)26620: رجب، رضا, author, كتاب تشرين: مسيرة المجد في خمسة وعشرين عاما